|
|
|
|
| LEADER |
00000nam2a2200000 4500 |
| 001 |
685841 |
| 005 |
20260330155011.0 |
| 090 |
|
|
|a 685841
|
| 100 |
|
|
|a 20260330d1958 k||y0rusy50 ca
|
| 101 |
0 |
|
|a rus
|
| 102 |
|
|
|a RU
|
| 105 |
|
|
|a a z 001yy
|
| 181 |
|
0 |
|a i
|b e
|
| 182 |
|
0 |
|a n
|
| 183 |
|
0 |
|a nc
|2 RDAcarrier
|
| 200 |
0 |
|
|a Т. 2
|
| 203 |
|
|
|a Текст
|b визуальный
|c непосредственный
|
| 210 |
|
|
|d 1958
|
| 215 |
|
|
|a 659 с.
|c ил.
|
| 283 |
|
|
|a volume
|2 RDAcarrier
|
| 320 |
|
|
|a Библиогр. в конце гл.
|
| 461 |
|
1 |
|0 84952
|t Полупроводники в науке и технике
|o в 2 т.
|f Институт полупроводников АН СССР ; отв. ред. А. Ф. Иоффе
|d 1957-1958
|v Т. 2
|9 84952
|
| 606 |
|
|
|a Полупроводники
|x (электроэнергетика)
|9 89217
|
| 610 |
1 |
|
|a полупроводниковые приборы
|
| 610 |
1 |
|
|a полупроводниковые материалы
|
| 610 |
1 |
|
|a диоды
|
| 610 |
1 |
|
|a триоды
|
| 610 |
1 |
|
|a термоэлектрические холодильники
|
| 610 |
1 |
|
|a тензометрия
|
| 610 |
1 |
|
|a сельское хозяйство
|
| 610 |
1 |
|
|a сегнетоэлектрики
|
| 675 |
|
|
|a 621.315.592
|v 3
|
| 702 |
|
1 |
|a Иоффе
|b А. Ф.
|c российский физик
|c академик
|f 1880-1960
|g Абрам Федорович
|4 340
|9 1134
|
| 712 |
0 |
2 |
|a Академия наук СССР
|b Институт полупроводников
|c (1954-1972)
|c (Ленинград)
|9 23523
|
| 801 |
|
0 |
|a RU
|b 63413507
|c 20260330
|g PSBO
|
| 830 |
|
|
|a Ретро2026Каталогизация
|
| 850 |
|
|
|a 63413507
|
| 942 |
|
|
|c BK
|